Optics (Record no. 1199)

MARC details
000 -LEADER
fixed length control field 00375nam a22001697a 4500
005 - DATE AND TIME OF LATEST TRANSACTION
control field 20160520123451.0
008 - FIXED-LENGTH DATA ELEMENTS--GENERAL INFORMATION
fixed length control field 160520b xxu||||| |||| 00| 0 eng d
020 ## - INTERNATIONAL STANDARD BOOK NUMBER
ISBN 978-1-25-900434-6
041 ## - LANGUAGE CODE
Language code of text/sound track or separate title eng
082 ## - DEWEY DECIMAL CLASSIFICATION NUMBER
Item number 3503
100 ## - MAIN ENTRY--AUTHOR NAME
Personal name Ghatak, A
245 ## - TITLE STATEMENT
Title Optics
260 ## - PUBLICATION, DISTRIBUTION, ETC. (IMPRINT)
Name of publisher Mc Graw Hill
300 ## - PHYSICAL DESCRIPTION
Number of Pages 32.7
650 ## - SUBJECT ADDED ENTRY--TOPICAL TERM
Topical Term DIPLOMA ENGINEERING
942 ## - ADDED ENTRY ELEMENTS (KOHA)
Koha item type Books
Holdings
Lost status Damaged status Collection code Home library Current library Shelving location Date acquired Cost, normal purchase price Full call number Accession Number Koha item type
    Reference JRU Library   SHELF -72 - I 20/05/2016 499.00 3503 3503 Books
    CS/IT JRU Library JRU Library SHELF-56-E 20/05/2016 499.00 3503 3504 Books